<?xml version="1.0" encoding="UTF-8"?>
<record
    xmlns:xsi="http://www.w3.org/2001/XMLSchema-instance"
    xsi:schemaLocation="http://www.loc.gov/MARC21/slim http://www.loc.gov/standards/marcxml/schema/MARC21slim.xsd"
    xmlns="http://www.loc.gov/MARC21/slim">

  <leader>00465nam a2200169   4500</leader>
  <controlfield tag="003">SEACOMEC</controlfield>
  <controlfield tag="005">20240522131103.0</controlfield>
  <controlfield tag="008">240522b        |||||||| |||| 00| 0 eng d</controlfield>
  <datafield tag="020" ind1=" " ind2=" ">
    <subfield code="a">978-0-19-809049-6</subfield>
    <subfield code="c">Rs.360.00</subfield>
  </datafield>
  <datafield tag="040" ind1=" " ind2=" ">
    <subfield code="a">SEACOMEC</subfield>
  </datafield>
  <datafield tag="082" ind1=" " ind2=" ">
    <subfield code="a"> 621.317</subfield>
    <subfield code="b">K92</subfield>
  </datafield>
  <datafield tag="100" ind1=" " ind2=" ">
    <subfield code="a"> Krein, Philip T</subfield>
  </datafield>
  <datafield tag="245" ind1="1" ind2=" ">
    <subfield code="a">Elements of power electronics</subfield>
    <subfield code="c">Philip T Krein,</subfield>
  </datafield>
  <datafield tag="260" ind1=" " ind2=" ">
    <subfield code="a"> Oxford </subfield>
    <subfield code="b">Oxford University Press </subfield>
    <subfield code="c">2004</subfield>
  </datafield>
  <datafield tag="650" ind1=" " ind2=" ">
    <subfield code="a"> Power electronics</subfield>
  </datafield>
  <datafield tag="942" ind1=" " ind2=" ">
    <subfield code="c">BOOK</subfield>
  </datafield>
  <datafield tag="952" ind1=" " ind2=" ">
    <subfield code="0">0</subfield>
    <subfield code="1">0</subfield>
    <subfield code="2">ddc</subfield>
    <subfield code="4">0</subfield>
    <subfield code="7">0</subfield>
    <subfield code="a">SEACOMEC</subfield>
    <subfield code="b">SEACOMEC</subfield>
    <subfield code="d">2008-01-18</subfield>
    <subfield code="l">0</subfield>
    <subfield code="o"> 621.317 K92</subfield>
    <subfield code="p">9043</subfield>
    <subfield code="r">2024-05-22 13:11:34</subfield>
    <subfield code="w">2024-05-22</subfield>
    <subfield code="y">BOOK</subfield>
  </datafield>
  <datafield tag="952" ind1=" " ind2=" ">
    <subfield code="0">0</subfield>
    <subfield code="1">0</subfield>
    <subfield code="2">ddc</subfield>
    <subfield code="4">0</subfield>
    <subfield code="7">0</subfield>
    <subfield code="a">SEACOMEC</subfield>
    <subfield code="b">SEACOMEC</subfield>
    <subfield code="d">2008-01-18</subfield>
    <subfield code="l">0</subfield>
    <subfield code="o"> 621.317 K92</subfield>
    <subfield code="p">9044</subfield>
    <subfield code="r">2024-05-22 13:12:05</subfield>
    <subfield code="t">1</subfield>
    <subfield code="w">2024-05-22</subfield>
    <subfield code="y">BOOK</subfield>
  </datafield>
  <datafield tag="952" ind1=" " ind2=" ">
    <subfield code="0">0</subfield>
    <subfield code="1">0</subfield>
    <subfield code="2">ddc</subfield>
    <subfield code="4">0</subfield>
    <subfield code="7">0</subfield>
    <subfield code="a">SEACOMEC</subfield>
    <subfield code="b">SEACOMEC</subfield>
    <subfield code="d">2008-01-18</subfield>
    <subfield code="l">0</subfield>
    <subfield code="o"> 621.317 K92</subfield>
    <subfield code="p">9045</subfield>
    <subfield code="r">2024-05-22 13:12:05</subfield>
    <subfield code="t">2</subfield>
    <subfield code="w">2024-05-22</subfield>
    <subfield code="y">BOOK</subfield>
  </datafield>
  <datafield tag="952" ind1=" " ind2=" ">
    <subfield code="0">0</subfield>
    <subfield code="1">0</subfield>
    <subfield code="2">ddc</subfield>
    <subfield code="4">0</subfield>
    <subfield code="7">0</subfield>
    <subfield code="a">SEACOMEC</subfield>
    <subfield code="b">SEACOMEC</subfield>
    <subfield code="d">2008-01-18</subfield>
    <subfield code="l">0</subfield>
    <subfield code="o"> 621.317 K92</subfield>
    <subfield code="p">9046</subfield>
    <subfield code="r">2024-05-22 13:12:05</subfield>
    <subfield code="t">3</subfield>
    <subfield code="w">2024-05-22</subfield>
    <subfield code="y">BOOK</subfield>
  </datafield>
  <datafield tag="952" ind1=" " ind2=" ">
    <subfield code="0">0</subfield>
    <subfield code="1">0</subfield>
    <subfield code="2">ddc</subfield>
    <subfield code="4">0</subfield>
    <subfield code="7">0</subfield>
    <subfield code="a">SEACOMEC</subfield>
    <subfield code="b">SEACOMEC</subfield>
    <subfield code="d">2008-01-18</subfield>
    <subfield code="l">0</subfield>
    <subfield code="o"> 621.317 K92</subfield>
    <subfield code="p">9047</subfield>
    <subfield code="r">2024-05-22 13:12:05</subfield>
    <subfield code="t">4</subfield>
    <subfield code="w">2024-05-22</subfield>
    <subfield code="y">BOOK</subfield>
  </datafield>
  <datafield tag="952" ind1=" " ind2=" ">
    <subfield code="0">0</subfield>
    <subfield code="1">0</subfield>
    <subfield code="2">ddc</subfield>
    <subfield code="4">0</subfield>
    <subfield code="7">0</subfield>
    <subfield code="a">SEACOMEC</subfield>
    <subfield code="b">SEACOMEC</subfield>
    <subfield code="d">2008-01-24</subfield>
    <subfield code="l">0</subfield>
    <subfield code="o"> 621.317 K92</subfield>
    <subfield code="p">9331</subfield>
    <subfield code="r">2024-05-24 11:33:30</subfield>
    <subfield code="t">5</subfield>
    <subfield code="w">2024-05-24</subfield>
    <subfield code="y">BOOK</subfield>
  </datafield>
  <datafield tag="952" ind1=" " ind2=" ">
    <subfield code="0">0</subfield>
    <subfield code="1">0</subfield>
    <subfield code="2">ddc</subfield>
    <subfield code="4">0</subfield>
    <subfield code="7">0</subfield>
    <subfield code="a">SEACOMEC</subfield>
    <subfield code="b">SEACOMEC</subfield>
    <subfield code="d">2008-01-24</subfield>
    <subfield code="l">0</subfield>
    <subfield code="o"> 621.317 K92</subfield>
    <subfield code="p">9332</subfield>
    <subfield code="r">2024-05-24 11:33:30</subfield>
    <subfield code="t">6</subfield>
    <subfield code="w">2024-05-24</subfield>
    <subfield code="y">BOOK</subfield>
  </datafield>
  <datafield tag="952" ind1=" " ind2=" ">
    <subfield code="0">0</subfield>
    <subfield code="1">0</subfield>
    <subfield code="2">ddc</subfield>
    <subfield code="4">0</subfield>
    <subfield code="7">0</subfield>
    <subfield code="a">SEACOMEC</subfield>
    <subfield code="b">SEACOMEC</subfield>
    <subfield code="d">2008-01-24</subfield>
    <subfield code="l">0</subfield>
    <subfield code="o"> 621.317 K92</subfield>
    <subfield code="p">9333</subfield>
    <subfield code="r">2024-05-24 11:33:30</subfield>
    <subfield code="t">7</subfield>
    <subfield code="w">2024-05-24</subfield>
    <subfield code="y">BOOK</subfield>
  </datafield>
  <datafield tag="952" ind1=" " ind2=" ">
    <subfield code="0">0</subfield>
    <subfield code="1">0</subfield>
    <subfield code="2">ddc</subfield>
    <subfield code="4">0</subfield>
    <subfield code="7">0</subfield>
    <subfield code="a">SEACOMEC</subfield>
    <subfield code="b">SEACOMEC</subfield>
    <subfield code="d">2008-01-24</subfield>
    <subfield code="l">0</subfield>
    <subfield code="o"> 621.317 K92</subfield>
    <subfield code="p">9334</subfield>
    <subfield code="r">2024-05-24 11:33:30</subfield>
    <subfield code="t">8</subfield>
    <subfield code="w">2024-05-24</subfield>
    <subfield code="y">BOOK</subfield>
  </datafield>
  <datafield tag="952" ind1=" " ind2=" ">
    <subfield code="0">0</subfield>
    <subfield code="1">0</subfield>
    <subfield code="2">ddc</subfield>
    <subfield code="4">0</subfield>
    <subfield code="7">0</subfield>
    <subfield code="a">SEACOMEC</subfield>
    <subfield code="b">SEACOMEC</subfield>
    <subfield code="d">2008-01-24</subfield>
    <subfield code="l">0</subfield>
    <subfield code="o"> 621.317 K92</subfield>
    <subfield code="p">9335</subfield>
    <subfield code="r">2024-05-24 11:33:30</subfield>
    <subfield code="t">9</subfield>
    <subfield code="w">2024-05-24</subfield>
    <subfield code="y">BOOK</subfield>
  </datafield>
  <datafield tag="999" ind1=" " ind2=" ">
    <subfield code="c">1171</subfield>
    <subfield code="d">1171</subfield>
  </datafield>
</record>
